| 000 | 00558cam a22002053a 4500 | ||
|---|---|---|---|
| 001 | 42567 | ||
| 003 | PGUSA | ||
| 005 | 20140828083949.0 | ||
| 008 | 130420s2013||||xxu|||||s|||||000 | eng d | ||
| 040 |
_aPGUSA _beng |
||
| 042 | _adc | ||
| 100 | 1 | _aHolland, Rupert S. | |
| 245 | 1 | 0 |
_aWilliam Penn _h[electronic resource] / _cRupert S. Holland |
| 260 |
_bProject Gutenberg, _c2013 |
||
| 506 | _aPublic domain in the USA. | ||
| 516 | _aElectronic text | ||
| 830 | 0 |
_aProject Gutenberg _v42567 |
|
| 856 | 4 | 0 | _uhttp://www.gutenberg.org/ebooks/42567 |
| 942 | _cEB | ||
| 999 |
_c271819 _d271819 |
||